000 01835nam a2200253 4500
001 79111
003 BD-RjUL
005 20220103144130.0
008 220103s2021 bg a|||| |||| 00| 0 ben d
035 _a(BD-RjUL)79111
040 _aBD-RjUL
_beng
_cBD-RjUL
041 _aeng
082 _223
_a491.442
_bKAB 2021
100 _aকবির, মো. হুমায়ুন
_9472
245 1 0 _aবঙ্গ ও বঙ্গাল শব্দের উৎপত্তি ও ক্রমবিকাশ = (Introducing and Continuation of the Bonga and Bongal words) /
_cগবেষণা প্রকল্প পরিচালক: মো. হুমায়ুন কবির, এ. এইচ. এম. তাহমিদুর রহমান
246 _aশিরোনাম:
_b বঙ্গ ও বঙ্গাল শব্দের উৎপত্তি ও ক্রমবিকাশ = (Introducing and Continuation of the Bonga and Bongal words)
260 _aরাজশাহী:
_bচারুকলা অনুষদ,
_c২০২১
300 _a২২১ পাতা:
_bচিত্র ;
_c২৮ সেমি.
500 _a"রাজশাহী বিশ্ববিদ্যালয়ের চারুকলা অনুষদের গবেষণা-প্রকল্প নং- ১৪৮/৫/৫২/রা.বি. চারুকলা-০১/২০১৯-২০২০ এর আওতায় গবেষণা-প্রকল্পের চূড়ান্ত প্রতিবেদন"
650 _aবাংলা ভাষা
_xইতিহাস
_9473
650 _aBengali Language
_xHistory
_9474
700 _aরহমান, এ. এইচ. এম. তাহমিদুর, যুগ্ম গবেষণা প্রকল্প পরিচালক
_9475
942 _2ddc
_cDOC
999 _c79111
_d79111